El desarrollo de las inteligencias en la infancia : ejemplos prácticos para una enseñanza exitosa.
Guardat en:
| Autor principal: | |
|---|---|
| Altres autors: | , |
| Format: | Llibre |
| Idioma: | espanyol Alemán |
| Col·lecció: | (Colec. Educación y pedagogía)
|
| Matèries: | |
| Etiquetes: |
Sense etiquetes, Sigues el primer a etiquetar aquest registre!
|
MARC
| LEADER | 00000nam^a2200000^u^4500 | ||
|---|---|---|---|
| 001 | 000496999 | ||
| 005 | 20250521000000.0 | ||
| 008 | 070222s1000^^^^^^^^^^^^r^^^^^000^0^spa^d | ||
| 009 | 20260310125624.163 | ||
| 022 | |a 9681676823 | ||
| 035 | |a FCE 000040611 | ||
| 037 | |a Acervo ITESO - Biblioteca | ||
| 041 | |a spa |h ger | ||
| 082 | 0 | 4 | |a 371.332 |b BRUd |
| 100 | |a Brunner, Ilse |e (autor) | ||
| 245 | 1 | 3 | |a El desarrollo de las inteligencias en la infancia : |b ejemplos prácticos para una enseñanza exitosa. |
| 264 | |a México : |b FCE, |c 2006. | ||
| 300 | |a 328 p. : |b ilus. | ||
| 336 | |a texto |b txt |2 rdacontenido | ||
| 337 | |a sin mediación |b n |2 rdamedio | ||
| 338 | |a volumen |b nc |2 rdasoporte | ||
| 440 | 1 | |a (Colec. Educación y pedagogía) | |
| 596 | |a Traducción de: Auf in die schillernd bunte welt der begahungen. Eine entdeckungesreise ins reich der multiplen intelligenzen. | ||
| 649 | |a XX | ||
| 650 | |a Inteligencia | ||
| 650 | |a Infancia | ||
| 650 | |a Enseñanza | ||
| 650 | |a Pedagogía | ||
| 650 | |a Mediciones y pruebas educativas | ||
| 700 | |a Rottensteiner, Erika |e (autor) | ||
| 700 | |a Prues, Brigitte, |e tr |e (autor) | ||
| 910 | |a Fondo Centro de Estudios Educativos | ||
| 920 | |a Impresos - Libros | ||
| 930 | |a Fondos Especiales | ||
| 905 | |a 133 | ||
| 901 | |a ALE047438 |b IT2 |c CEE |u 20250521 | ||
| 902 | |a https://opac.biblio.iteso.mx/vufind/Record/000496999 | ||